El papel de las ONGs internacionales en los conflictos armados internos : (Registro nro. 28266)

Detalles MARC
000 -LEADER
fixed length control field 00868nam a2200229Ia 4500
003 - CONTROL NUMBER IDENTIFIER
control field CO-CtgCURN
005 - DATE AND TIME OF LATEST TRANSACTION
control field 20250408165513.0
008 - FIXED-LENGTH DATA ELEMENTS--GENERAL INFORMATION
fixed length control field 190722s9999 xx 000 0 und d
020 ## - INTERNATIONAL STANDARD BOOK NUMBER
International Standard Book Number 9589723705
040 ## - CATALOGING SOURCE
Original cataloging agency CO-CtgCURN
Language of cataloging spa
Transcribing agency coctgcurn
082 ## - DEWEY DECIMAL CLASSIFICATION NUMBER
Classification number 341.523
Item number S194p
100 ## - MAIN ENTRY--PERSONAL NAME
Personal name Sandoval Robayo, Mary Luz
245 #0 - TITLE STATEMENT
Title El papel de las ONGs internacionales en los conflictos armados internos :
Remainder of title caso Colombia /
Statement of responsibility, etc. Mary Luz Sandoval Robayo
260 ## - PUBLICATION, DISTRIBUTION, ETC.
Place of publication, distribution, etc. Bogotá, Colombia :
Name of publisher, distributor, etc. Universidad Libre,
Date of publication, distribution, etc. 2003
300 ## - PHYSICAL DESCRIPTION
Extent 458 páginas ;
Dimensions 22 centímetros
521 ## - TARGET AUDIENCE NOTE
Target audience note AREA PROFESIONAL
590 ## - LOCAL NOTE (RLIN)
Local note Programa de Derecho_18
650 ## - SUBJECT ADDED ENTRY--TOPICAL TERM
Topical term or geographic name entry element Derecho internacional público
650 ## - SUBJECT ADDED ENTRY--TOPICAL TERM
Topical term or geographic name entry element Organizaciones no gubernamentales
General subdivision Aspectos sociales
942 ## - ADDED ENTRY ELEMENTS (KOHA)
Koha item type Libros
Classification part 341.523
Item part S194p
Source of classification or shelving scheme Dewey Decimal Classification
Suppress in OPAC No
Existencias
Withdrawn status Lost status Damaged status Not for loan Collection Home library Current library Shelving location Date acquired Inventory number Total checkouts Full call number Barcode Date last seen Copy number Price effective from Koha item type
          Miguel Henríquez Castañeda Barranquilla Miguel Henríquez Castañeda Barranquilla General 05/23/2018 01013   341.523 S194p 01013 07/22/2019 ej.1 07/22/2019 Libros